<?xml version="1.0" encoding="UTF-8"?>
<collection xmlns="http://www.loc.gov/MARC21/slim">
  <record>
    <leader>00000nam  2200000   4500</leader>
    <controlfield tag="001">INLIS000000000018272</controlfield>
    <controlfield tag="005">20240923021715</controlfield>
    <datafield tag="035" ind1="#" ind2="#">
      <subfield code="a">0010-0924000101</subfield>
    </datafield>
    <controlfield tag="007">ta</controlfield>
    <controlfield tag="008">240923###########################0######</controlfield>
    <datafield tag="245" ind1="#" ind2="#">
      <subfield code="a">Sahabat Perencanaan :</subfield>
      <subfield code="b">Sahabat Perencanaan /</subfield>
      <subfield code="c">Asri Bambang Abdullah, S.pd</subfield>
    </datafield>
    <datafield tag="260" ind1="#" ind2="#">
      <subfield code="a">Makassar :</subfield>
      <subfield code="b">Puslatbang KMP LAN RI Makassar,</subfield>
      <subfield code="c">2024</subfield>
    </datafield>
    <datafield tag="300" ind1="#" ind2="#">
      <subfield code="a">14 ;</subfield>
      <subfield code="c">30</subfield>
    </datafield>
    <datafield tag="650" ind1="#" ind2="4">
      <subfield code="a">Tempat Konsultasi Teknis Perencanaan</subfield>
    </datafield>
    <datafield tag="700" ind1=" " ind2="#">
      <subfield code="a">Dr. Moh. Arsal Arsyad, S.STP., M.Si (Mentor)</subfield>
    </datafield>
    <datafield tag="700" ind1=" " ind2="#">
      <subfield code="a">Zul Chaidir, S.Sos., M.PA (Coach)</subfield>
    </datafield>
    <datafield tag="520" ind1="#" ind2="#">
      <subfield code="a">Sahabat Perencanaan adalah tempat konsultasi teknis perencanaan untuk penyusunan dokumen perencanaan Perangkat Daerah, Rencana Kegiatan, dan Anggaran, yang merupakan forum konsultasi bagi setiap Perangkat daerah secara langsung tentang permasalahan dan hambatan yang dihadapi dalam penyusunan dokumen perencanaan Perangkat Daerah</subfield>
    </datafield>
    <datafield tag="856" ind1="#" ind2="#">
      <subfield code="a">Puslatbang KMP LAN RI Makassar</subfield>
    </datafield>
  </record>
</collection>
